000 01288cam a2200313 i 4500
999 _c21636
_d21636
001 vtls000048252
003 NUKAT
005 20211105131506.0
008 021015s2000 pl | |00| ||pol|c
020 _a832365364X
035 _azz2002913937
039 9 _a201310040112
_bVLOAD
_c201310030141
_dVLOAD
_c200611101613
_dpski
_c200512112130
_dkopumk
040 _aWA U/RB
_cWA U/RB
_dWA U/EBA
041 _apol
_heng
245 0 0 _aWymagania ogólne dotyczące jednostek prowadzących systemy certyfikacji wyrobów PN-EN 45011:2000P /
_cPolski Komitet Normalizacyjny.
246 1 3 _aGeneral requirements for bodies operating product certification systems (ISO/IEC Guide 65:1996)
246 3 0 _aPN-EN 45011
260 _aWarszawa :
_bPKN,
_c2000.
300 _a15 s. ;
_c30 cm.
500 _aICS 03.120.20.
590 _aZamiast PN-EN 45011:1993. Ustanowiona dnia 4 października 2000 r.
590 _aStatus: wycofana ; Zastąpiona przez PN-EN ISO/IEC 17065:2013-03 wersja angielska.
951 _aKIEL_008
710 1 _aPolska.
_bPolski Komitet Normalizacyjny.
_91107
942 _2ddc
_cBK